| 000 | 00730cam a2200253 4500500 | ||
|---|---|---|---|
| 005 | 20260405002654.0 | ||
| 041 | _afre | ||
| 042 | _adc | ||
| 100 | 1 | 0 |
_aRazon, Boris _eauthor |
| 245 | 0 | 0 | _aOrhan Pamuk: “Il n’y a pas de futur sans liberté de parole” |
| 260 | _c2018. | ||
| 500 | _a98 | ||
| 690 | _aAutoritarisme | ||
| 690 | _aÉcriture | ||
| 690 | _aErdogan | ||
| 690 | _aLiberté | ||
| 690 | _aOrhan Pamuk | ||
| 690 | _aOrient-Occident | ||
| 690 | _aroman | ||
| 690 | _aRomancier | ||
| 690 | _aTurquie | ||
| 786 | 0 | _nPhilosophie magazine | 118 | 4 | 2018-04-01 | p. 38-40 | 1951-1787 | |
| 856 | 4 | 1 | _uhttps://shs.cairn.info/magazine-philosophie-magazine-2018-4-page-38?lang=fr&redirect-ssocas=7080 |
| 999 |
_c2059957 _d2059957 |
||